Introduction to dynamic meteorology (Record no. 23456)

000 -LEADER
fixed length control field 00593nam a22002297a 4500
001 - CONTROL NUMBER
control field 23456
003 - CONTROL NUMBER IDENTIFIER
control field BD-DhUET
008 - FIXED-LENGTH DATA ELEMENTS--GENERAL INFORMATION
fixed length control field 150503b xxu||||| |||| 00| 0 eng d
020 ## - INTERNATIONAL STANDARD BOOK NUMBER
International Standard Book Number 0123543606
040 ## - CATALOGING SOURCE
Transcribing agency DLC
Modifying agency BD-DhUET
082 ## - DEWEY DECIMAL CLASSIFICATION NUMBER
Classification number 551.5
Item number HOL/1979
100 ## - MAIN ENTRY--PERSONAL NAME
Personal name Holton, James R.
245 ## - TITLE STATEMENT
Title Introduction to dynamic meteorology
250 ## - EDITION STATEMENT
Edition statement 2nd ed.
260 ## - PUBLICATION, DISTRIBUTION, ETC. (IMPRINT)
Place of publication, distribution, etc. New York
Name of publisher, distributor, etc. Academic Press
Date of publication, distribution, etc. 1979
300 ## - PHYSICAL DESCRIPTION
Extent xii, 391p.
490 ## - SERIES STATEMENT
Series statement International geographysics series
500 ## - GENERAL NOTE
General note Volume - 23
504 ## - BIBLIOGRAPHY, ETC. NOTE
Bibliography, etc Includes bibliographies
650 #0 - SUBJECT ADDED ENTRY--TOPICAL TERM
Topical term or geographic name as entry element Dynamic meteorology
942 ## - ADDED ENTRY ELEMENTS (KOHA)
Koha item type General Book
Holdings
Lost status Damaged status Koha normalized classification for sorting Sublocation or collection (holding branch) Koha item type Piece designation (barcode) Shelving location Withdrawn status Copy number Source of classification or shelving scheme Koha date last seen Date acquired Not for loan Location (home branch) Koha full call number Price effective from
  551_500000000000000_HOL_1979Central Library, BUETGeneral Book55820Circulation section 1 2015-05-032015-05-03 Central Library, BUET551.5/HOL/19792015-05-03
  551_500000000000000_HOL_1979Central Library, BUETGeneral Book55819Circulation section 2 2015-05-032015-05-03 Central Library, BUET551.5/HOL/19792015-05-03
  551_500000000000000_HOL_1979Central Library, BUETGeneral Book55821Circulation section 3 2015-05-032015-05-03 Central Library, BUET551.5/HOL/19792015-05-03